| 000 | 00450nam a2200133Ia 4500 | ||
|---|---|---|---|
| 008 | 150610s9999 xx 000 0 und d | ||
| 020 | _a0590023195 | ||
| 050 |
_aGB662.3 _b .W53 1998 |
||
| 100 | _aWick, Walter, 1953- | ||
| 245 | 2 |
_aA drop of water : _ba book of science and wonder / _cwritten and photographed by Walter Wick. |
|
| 260 |
_aNew York : _bScholastic, _c1998. |
||
| 300 |
_a40pages : _bcol. illustrations ; _c29 cm. |
||
| 650 | _xWater. | ||
| 999 |
_c288246 _d288246 |
||